Cómo nació la Democracia en América de Tocqueville

Guardat en:
Dades bibliogràfiques
Autor principal: Schleifer, James T (Autor)
Format: Llibre
Idioma:espanyol
Publicat: Ciudad de México Fondo de Cultura Económica 1984
Col·lecció:Obras de Política y Derecho
Matèries:
Etiquetes: Afegir etiqueta
Sense etiquetes, Sigues el primer a etiquetar aquest registre!

MARC

LEADER 00000nam a2200000 a 4500
001 UCT7168
003 CL-VaPUC
008 970116e19840000MX |||||||||||||||||spa|d
082 0 4 |a 321.804  |b SCH  |2 21 
100 0 |a Schleifer, James T  |e author  |9 377953 
245 1 0 |a Cómo nació la Democracia en América de Tocqueville 
300 |a 426 p 
942 |c BK 
945 |d 19970116 00:00:00  |a paguirre 
260 |a Ciudad de México  |b Fondo de Cultura Económica  |c 1984 
650 0 |a Democracia  |9 255256 
650 7 |a SISTEMAS POLITICOS  |2 CL-VaPUC  |9 377954 
650 0 |a República  |9 310048 
650 0 |a Libertad  |9 255686 
650 0 |a Ciencias Políticas  |9 255201 
650 7 |a TEORIA POLITICA  |2 CL-VaPUC  |9 377955 
651 0 |a Estados Unidos  |9 255178 
583 |a last modification  |c 19970116 00:00:00  |k Rodrigo Vera 
490 0 |a Obras de Política y Derecho 
999 |c 255827  |d 255825 
952 |0 0  |1 0  |4 0  |6 321_804000000000000_SCH_1984  |7 0  |8 A  |9 278267  |a BIBDER  |b BIBDER  |d 2019-11-19  |i 1807048  |o 321.804 SCH 1984  |p 1807048  |r 2023-01-25  |w 2019-11-19  |y BK  |k DER 
952 |0 0  |1 0  |4 0  |6 321_804000000000000_SCH_1984  |7 0  |8 A  |9 278268  |a BIBHIS  |b BIBHIS  |d 2019-11-19  |i 1339362  |l 4  |o 321.804 SCH 1984  |p 1339362  |r 2025-01-20  |s 2020-10-12  |w 2019-11-19  |y BK  |k HIS